| 000 | 00566nam a22001577a 4500 | ||
|---|---|---|---|
| 003 | OSt | ||
| 005 | 20150910102457.0 | ||
| 008 | 150910b xxu||||| |||| 00| 0 eng d | ||
| 040 | _cRUA | ||
| 082 | _aAGR ឡុញ 1995 BOO11 Or.1 | ||
| 100 |
_9210 _aឡិញ សុខា |
||
| 245 | _aSTUDY OF BASED FARMING SYTEMES IN POURSAT PROVINCE ,សិក្សាលក្ខណៈគ្រុឹះប្រព័ន្ធកសិក្ម្ខេត្តពោធិីសាត់ | ||
| 260 |
_aPHNOMPHEN _bRUA _c1995 |
||
| 300 |
_a65P. _bILL. _c29CM. |
||
| 942 |
_2ddc _cAGR |
||
| 999 |
_c190 _d190 |
||